[Event "GER-ch Rapid (Women)"]
[Site "Dinkelsbuehl"]
[Date "2023.11.12"]
[Round "8"]
[White "Cammann, Gabriele"]
[Black "Reich, Elisabeth"]
[Result "0-1"]
[WhiteElo "1176"]
[BlackElo "1533"]
[PlyCount "74"]
[EventDate "2023.11.11"]
[EventType "swiss (rapid)"]
[EventRounds "9"]
[EventCountry "GER"]
[SourceTitle "CB47_2023"]
[SourceDate "2023.11.22"]
[SourceVersion "1"]
[SourceVersionDate "2023.11.22"]
[SourceQuality "1"]

1. e4 c5 2. Nf3 Nc6 3. d4 cxd4 4. Nxd4 Nf6 5. Nc3 e6 6. Nxc6 bxc6 7. Bg5 Be7 8. Be2 h6 9. Bh4 0-0 10. e5 Nd5 11. Bxe7 Qxe7 12. 0-0 Nxc3 13. bxc3 a5 14. a4 Ba6 15. Re1 Bxe2 16. Rxe2 Rab8 17. Qd3 Rb2 18. g3 Rfb8 19. Ree1 Qc5 20. Kg2 R8b7 21. Kh3 Qd5 22. c4 Qxd3 23. cxd3 Rxf2 24. d4 Rbb2 25. Rh1 Rb4 26. Rhc1 Rd2 27. d5 exd5 28. cxd5 Rxd5 29. e6 fxe6 30. Rc2 c5 31. Rf2 c4 32. Raf1 Rf5 33. Rxf5 exf5 34. Rxf5 Rxa4 35. Rf4 Rb4 36. Rd4 c3 37. Rxd7 Rc4 0-1

[Event "GER-ch Rapid (Women)"]
[Site "Dinkelsbuehl"]
[Date "2023.11.12"]
[Round "9"]
[White "Stark, Amalia"]
[Black "Cammann, Gabriele"]
[Result "1-0"]
[WhiteElo "1444"]
[BlackElo "1176"]
[PlyCount "77"]
[EventDate "2023.11.11"]
[EventType "swiss (rapid)"]
[EventRounds "9"]
[EventCountry "GER"]
[SourceTitle "CB47_2023"]
[SourceDate "2023.11.22"]
[SourceVersion "1"]
[SourceVersionDate "2023.11.22"]
[SourceQuality "1"]

1. e4 e5 2. Nf3 Nc6 3. Bb5 Nf6 4. 0-0 Be7 5. c3 0-0 6. Re1 d6 7. h3 Bd7 8. d4 exd4 9. cxd4 a6 10. Bd3 Nb4 11. b3 Nxd3 12. Qxd3 Bb5 13. Qc3 d5 14. Nbd2 a5 15. a3 c6 16. Bb2 Re8 17. e5 Nh5 18. Qe3 h6 19. g4 Bg5 20. Nxg5 hxg5 21. gxh5 f6 22. Nf3 Qd7 23. Kh2 Qf5 24. Rg1 Kf7 25. Rg3 Rh8 26. a4 Ba6 27. Ba3 Rxh5 28. Rag1 Rah8 29. Nd2 g4 30. e6+ Qxe6 31. Qxe6+ Kxe6 32. Rxg4 Rxh3+ 33. Kg2 g5 34. Rg3 R3h4 35. Re1+ Kf5 36. Nf3 b6 37. Nxh4+ Rxh4 38. Bb2 Bd3 39. Rxd3 1-0

[Event "Main Vogelsberg op 16th"]
[Site "Waechtersbach"]
[Date "2022.10.01"]
[Round "2"]
[White "Spelleken, Mark"]
[Black "Cammann, Gabriele"]
[Result "1-0"]
[WhiteElo "1583"]
[BlackElo "1168"]
[PlyCount "72"]
[EventDate "2022.09.30"]
[EventType "swiss"]
[EventRounds "7"]
[EventCountry "GER"]
[SourceTitle "CBM 210 Extra"]
[Source "ChessBase"]
[SourceDate "2022.11.30"]
[SourceVersion "1"]
[SourceVersionDate "2022.11.30"]
[SourceQuality "1"]

1. d4 e5 2. dxe5 Nc6 3. Nf3 d6 4. exd6 Bxd6 5. Nc3 Nge7 6. e3 0-0 7. Bd3 Bg4 8. h3 Bxf3 9. Qxf3 g6 10. h4 Qc8 11. h5 Ne5 12. Qf6 Qe6 13. Qh4 Nxd3+ 14. cxd3 Nf5 15. Qg4 Ng7 16. Qxe6 fxe6 17. hxg6 hxg6 18. Bd2 a6 19. Ne4 Be7 20. Bc3 Rf7 21. 0-0-0 Rd8 22. Rh3 Rd5 23. g4 c6 24. Rdh1 Rf8 25. Rh7 e5 26. f4 Kf7 27. Bxe5 Rg8 28. Kc2 Bf8 29. Ng5+ Ke8 30. Rh8 Rxh8 31. Rxh8 Rd7 32. Bxg7 Rxg7 33. Ne6 Rf7 34. Kc3 Ke7 35. Nxf8 Rxf8 36. Rxf8 Kxf8 1-0

[Event "GER-ch Rapid (Women)"]
[Site "Goettingen"]
[Date "2022.09.25"]
[Round "8"]
[White "Cammann, Gabriele"]
[Black "Zhou, Lepu Coco"]
[Result "0-1"]
[WhiteElo "1186"]
[BlackElo "1935"]
[PlyCount "48"]
[EventDate "2022.09.24"]
[EventType "swiss (rapid)"]
[EventRounds "9"]
[EventCountry "GER"]
[SourceTitle "CBM 210 Extra"]
[Source "ChessBase"]
[SourceDate "2022.11.30"]
[SourceVersion "1"]
[SourceVersionDate "2022.11.30"]
[SourceQuality "1"]

1. e4 c5 2. Nf3 e6 3. d4 cxd4 4. Qxd4 Nc6 5. Qe3 Nf6 6. Nc3 Bb4 7. Bd3 d5 8. exd5 Nxd5 9. Qg5 Qxg5 10. Nxg5 Nxc3 11. bxc3 Bxc3+ 12. Bd2 Bxa1 13. Bb5 Bd7 14. c4 Bf6 15. Ne4 Be7 16. Bc3 f6 17. Ke2 0-0-0 18. f3 a6 19. Ba4 Nd4+ 20. Bxd4 Bxa4 21. Ke3 e5 22. Bb6 Rd7 23. Nc3 Bc6 24. a4 f5 0-1

[Event "GER-ch Rapid (Women)"]
[Site "Goettingen"]
[Date "2022.09.25"]
[Round "7"]
[White "Just, Anita"]
[Black "Cammann, Gabriele"]
[Result "1-0"]
[WhiteElo "1895"]
[BlackElo "1186"]
[PlyCount "46"]
[EventDate "2022.09.24"]
[EventType "swiss (rapid)"]
[EventRounds "9"]
[EventCountry "GER"]
[SourceTitle "CBM 210 Extra"]
[Source "ChessBase"]
[SourceDate "2022.11.30"]
[SourceVersion "1"]
[SourceVersionDate "2022.11.30"]
[SourceQuality "1"]

1. e4 e5 2. Nf3 Nc6 3. Bc4 Nf6 4. Ng5 Nxe4 5. Bxf7+ Ke7 6. Nxe4 Kxf7 7. d3 d5 8. Ng5+ Ke8 9. Qf3 Qe7 10. Nc3 Nd4 11. Qh5+ g6 12. Qd1 c6 13. 0-0 Bf5 14. Re1 Bg7 15. Be3 Ne6 16. Nxe6 Bxe6 17. d4 e4 18. Qd2 h6 19. Ne2 g5 20. Ng3 Qf7 21. c4 Kd7 22. Qb4 Bf6 23. Qxb7+ Kd6 1-0